000
00310nam a2200121Ia 4500
008
240624s9999 xx 000 0 und d
041
_a
eng
082
_a
658.3 PRE
100
_a
PREMUZIC THOMAS CHAMORRO
245
_a
TALENT DELUSION WHY DATA NOT INTUITION I
260
_c
2017
_a
London
_b
Platkus
365
_c
RS
999
_c
31820
_d
31820